000 00311nam a22001337a 4500
020 _a07-034868-5
082 _a621.381 KIR'E
100 _aSTONE, K. M,KIRSHNER, C
_978998
245 _aELECTRONICS DRAFTING WORKBOOK
250 _a2ND
260 _aNEWYORK
_bMCGRAW HILL
_c1973
300 _a107P
942 _cBK
999 _c584068
_d584068